000 00761nam a22002537a 4500
003 URS
005 20251022142529.0
008 251006b ||||| |||| 00| 0 eng d
020 _a978-621-409238-3
040 _cURS
050 _aGV1585
_b.Aq56 2024
100 _aAquino, John Michael D.
_eauthor
245 _aPhysical Activity Towards Health and Fitness PATHFIT 3
_bDance, Fitness and Tradition
264 _aMandaluyong City
_bBooks Atbp. Publishing Corp.
_c©2024
300 _a174 pages.,:
_c26 cm.
336 _2rdacontent
_atext
337 _2rdamedia
_aunmediated
338 _2rdacarrier
_avolume
650 0 _aDance
650 0 _aFitness
700 _aPalomaria, Julie Anne R.
700 1 _aSolmerano, Ernesto Thaddeus M.,
942 _2lcc
_cF
999 _c88244
_d88241